Konvex poligonok hasonlósága

Elmentve itt :
Bibliográfiai részletek
Szerző: Fidrich Márta
További közreműködők: Csirik János (Témavezető)
Dokumentumtípus: Szakdolgozat
Megjelent: 1991
Tárgyszavak:
Online Access:http://diploma.bibl.u-szeged.hu/933
LEADER 00520nta a2200157 i 4500
001 dipl933
005 20110421133107.0
008 110421s1991 hu om 0|| hun d
040 |a SZTE Diploma Repozitórium  |b hun 
041 |a hun 
100 1 |a Fidrich Márta 
245 1 0 |a Konvex poligonok hasonlósága  |h [elektronikus dokumentum] /  |c Márta Fidrich 
260 |c 1991 
650 4 |a Informatika 
700 1 |a Csirik János  |e ths 
856 4 0 |u http://diploma.bibl.u-szeged.hu/id/eprint/933/1/1991_friedrich_marta_91_15.pdf  |z Dokumentum-elérés